Zgadnij postać z League of Legends po opisie pasywki 3 - Statystyki

Ogólne statystyki
  • Ten quiz został rozwiązany 157 razy
  • Średni wynik to 9 z 15
Statystyki odpowiedzi
Hint Odpowiedź % Poprawnych
Cofa się z Xayah. Rakan
100%
Każde rzucone zaklęcie nagrzewa go. Kiedy osiągnie 50% nagrzania, wchodzi w Stan Nagrzania, co zapewnia jego podstawowym umiejętnościom dodatkowe efekty. Kiedy osiągnie 100% nagrzania, Przegrzewa się, zyskując premię do prędkości ataku i zadając dodatkowe obrażenia podstawowymi atakami. W tym stanie nie może jednak rzucać zaklęć. Rumble
81%
Może wyznaczyć cel do upolowania. Pomyślne ukończenie Polowania trwale wzmocni podstawowe umiejętności. Każde 4 ukończone łowy zwiększają również zasięg podstawowych ataków. Kindred
78%
Może kliknąć unieruchomionego wrogiego bohatera, aby przyciągnąć go w swoją stronę, zadając obrażenia i wyrywając mu Skrawek Duszy. Swain
78%
Zyskuje prędkość ataku w zależności od poziomu jego brakującego zdrowia. Olaf
70%
Jeżeli znajdzie się poza walką, zyska Mroźny Pancerz, który daje pancerz, odporność na magię oraz niewrażliwość na spowolnienia. Po otrzymaniu obrażeń utrzymuje się jeszcze przez moment, jednak po chwili znika. Sejuani
64%
InPost Corki
63%
Zasięg atakuzwiększa się za każdym razem, gdy zdobędzie poziom. Tristan
58%
Kiedy trafia sojuszniczych bohaterów za pomocą swoich umiejętności, zyskują oni na krótki czas premię do prędkości ruchu. Nami
50%
Co kilka sekund następny atak podstawowy zada dodatkowe obszarowe obrażenia magiczne. Galio
46%
Co jakiś czas podstawowy atak leczy go. Za każdym razem, gdy użyje zaklęcia lub zostanie trafiony przez wrogie zaklęcie, czas odnowienia zostaje skrócony. Maokai
46%
Umiejętności przy trafieniu nakładają na wrogów Dekonstrukcję Organiczną. Jeżeli uzbierają się 3 ładunki, wróg otrzyma dodatkowe, nieuchronne obrażenia. Vel'koz
46%
Po użyciu umiejętności otrzymuje tarczę (posiada cooldown). Wpływanie na innych bohaterów skraca czas odnowienia tego efektu. Shen
34%
Rzucane zaklęcia wzmacniają dwa kolejne podstawowe ataki, w wyniku czego zadają one dodatkowe obrażenia magiczne, skracają czas odnowienia jego umiejętności i są wyprowadzane w krótkim odstępie czasu. Taric
30%
Po rzuceniu zaklęcia następny podstawowy atak zada dodatkowe obrażenia magiczne. Zoe
22%
Nie znaleziono quizów pasujących do podanych kryteriów
Rozkład punktacji
Procent ludzi z każdym wynikiem
Percentyl według liczby udzielonych odpowiedzi
Twoja historia wyników
Nie rozwiązałeś tego quizu